| 000 | 01770nam a2200301 a 4500 | ||
|---|---|---|---|
| 001 | ASIN1848857292 | ||
| 003 | OSt | ||
| 005 | 20180116192423.0 | ||
| 008 | 140715s2012 xxu eng d | ||
| 020 |
_a1848857292 (hardcover) _c$95.00 |
||
| 020 | _a9781848857292 (hardcover) | ||
| 040 | _csada | ||
| 050 | 0 | 4 | _aNA1483 |
| 082 | 0 | 4 | _a726.20955 |
| 100 | 1 |
_aKhaghani, Saeid. _97693 |
|
| 245 | 1 | 0 |
_aIslamic architecture in iran : _bpoststructural theory and the architectural history of iranian mosques / _cSaeid Khaghani. |
| 250 | _a1st ed. | ||
| 260 |
_a[S.l.] : _bTauris Academic Studies, _c2011. |
||
| 300 |
_a288 p. ; _c22 cm. |
||
| 490 | 1 | _aInternational library of iranian studies. | |
| 520 | _aThe architecture of the Islamic world is predominantly considered in terms of a dual division between "tradition" and "modernity" - a division which, Saeid Khaghani here argues, has shaped and limited the narrative applied to this architecture. Khaghani introduces and reconsiders the mosques of eighth- to fifteenth-century Iran in terms of poststructural theory and developments in historiography in order to develop a brand new dialectical framework. Using the examples of mosques such as the Friday Mosques in Isfahan and Yazd as well as the Imam mosque in Isfahan, Khaghani presents a new way of thinking about and discussing Islamic architecture, making this valuable reading for all interested in the study of the art, architecture, and material culture of the Islamic world. | ||
| 650 | 0 |
_aIran _97694 |
|
| 650 | 0 |
_aIslamic architecture _97695 |
|
| 650 | 0 |
_aMosques _97696 |
|
| 830 | 0 |
_aInternational library of iranian studies. _97697 |
|
| 856 | 4 | 0 |
_3Amazon.com _uhttp://www.amazon.com/exec/obidos/ASIN/1848857292/chopaconline-20 |
| 942 |
_2ddc _cBK |
||
| 999 |
_c353991 _d353991 |
||